00545 2200193 4500001002100000005001500021035002000036007000300056008003900059082001200098084001800110245005800128260005600186300004500242650001100287650001400298110002600312022001300338INLIS00000000000063820240801021201 a0010-0824000003ta240801 | | |  a630.205 a630.205 AYB p1 aPersonal de transformación digital en la agricultura aSpain, Palencia :bUniversidad de Valladolid,c2024 a106-114 hlm, :bilus, ;c21 cm X 29,5 cm 4aJurnal 4aPertanian0 aAybika I Beksultanova a19898487